10 największych miast w świętokrzyskim - Statystyki

Ogólne statystyki
  • Ten quiz został rozwiązany 97 razy
  • Średni wynik to 7 z 10
Statystyki odpowiedzi
Liczba ludności Miasto % Poprawnych
195 774 Kielce
99%
23 644 Sandomierz
83%
69 051 Ostrowiec Świętokrzyski
76%
45 358 Skarżysko-Kamienna
72%
48 965 Starachowice
72%
15 952 Busko - Zdrój
63%
19 330 Końskie
59%
15 149 Jędrzejów
56%
10 844 Pińczów
48%
14 810 Staszów
46%
Nie znaleziono quizów pasujących do podanych kryteriów
Rozkład punktacji
Procent ludzi z każdym wynikiem
Percentyl według liczby udzielonych odpowiedzi
Twoja historia wyników
Nie rozwiązałeś tego quizu